| Tag |
First Indicator |
Second Indicator |
Subfields |
| LEADER |
00000cas a2200000 4500 |
| 001 |
in00000300430 |
| 005 |
20151010092004.0 |
| 008 |
751125d19741978gw qr6p 0bdua0ger |
| 010 |
|
|
|a 75647911
|
| 012 |
|
|
|a 4
|b 3
|c -
|d 7
|e n
|f -
|g p
|h -
|i ----
|
| 022 |
0 |
|
|a 0340-2266
|
| 030 |
|
|
|a EGERDQ
|
| 035 |
|
|
|a (OCoLC)02243993
|
| 035 |
|
|
|9 ABG6353AM
|
| 037 |
|
|
|c DM98.00
|
| 040 |
|
|
|a DLC
|c DLC
|d OCL
|d NSD
|d DLC
|d TXA
|d UtOrBLW
|
| 041 |
0 |
|
|a ger
|b eng
|
| 042 |
|
|
|a lc
|a nsdp
|
| 049 |
|
|
|a TXAE
|
| 050 |
0 |
0 |
|a QL461
|b .E53
|
| 210 |
0 |
|
|a Entomol. Ger.
|
| 222 |
|
0 |
|a Entomologica Germanica
|
| 245 |
0 |
0 |
|a Entomologica Germanica.
|
| 264 |
|
1 |
|a Stuttgart,
|a New York :
|b G. Fischer.
|
| 300 |
|
|
|a 4 volumes :
|b illustrations ;
|c 25 cm. quarterly.
|
| 336 |
|
|
|a text
|b txt
|2 rdacontent
|
| 337 |
|
|
|a unmediated
|b n
|2 rdamedia
|
| 338 |
|
|
|a volume
|b nc
|2 rdacarrier
|
| 362 |
0 |
|
|a Bd. 1-4; 1974-1978.
|
| 500 |
|
|
|a "Zeitschrift fur das Gesamtgebiet der wissenschaftlichen Entomologie."
|
| 510 |
0 |
|
|a Biological abstracts
|x 0006-3169
|
| 520 |
|
|
|a Includes Mitteilungen der Deutschen Entomologischen Gesellschaft.
|
| 546 |
|
|
|a Summaries in English.
|
| 650 |
|
2 |
|a Entomology
|x periodicals.
|
| 650 |
|
0 |
|a Entomology
|v Periodicals.
|
| 710 |
2 |
|
|a Deutsche Entomologische Gesellschaft.
|
| 785 |
0 |
0 |
|t Entomologia generalis
|
| 999 |
|
|
|a MARS
|
| 999 |
f |
f |
|s 012bbff3-e8b6-35a3-bc87-d300672b8ec6
|i 02ab7e59-c7d6-3ee0-b979-522562008604
|t 0
|
| 952 |
f |
f |
|a Texas A&M University
|b Rellis Campus
|c Joint Library Facility
|d Remote Storage
|e QL461 .E53
|h Library of Congress classification
|i unmediated -- volume
|k v.4
|l 1978
|m A14851812967
|p serial
|s JLF
|t 0
|